O podstatě reklamy

Salvato in:
Dettagli Bibliografici
Autore principale: Světlík, Jaroslav
Ente Autore: Paneurópska vysoká škola
Natura: Libro
Lingua:ceco
Pubblicazione: Bratislava Eurokódex 2012
Soggetti:
Tags: Aggiungi Tag
Nessun Tag, puoi essere il primo ad aggiungerne!!

MARC

LEADER 00000nam a2200000 4500
001 0162091
005 20240313090203.2
020 |a 978-80-89447-85-5 
041 0 |a cze 
044 |a CZ 
245 1 0 |a O podstatě reklamy  |c Jaroslav Světlík 
264 1 |a Bratislava  |b Eurokódex  |c 2012 
300 |a 312 s. 
610 2 0 |a reklama 
610 2 0 |a modely lineárne 
610 2 0 |a kreativita 
610 2 0 |a emócie 
610 2 0 |a humor 
610 2 0 |a hudba 
610 2 0 |a kultúra 
100 1 |a Světlík, Jaroslav 
710 2 |a Paneurópska vysoká škola